User centered system design : new perspectives on human-computer interaction
Αποθηκεύτηκε σε:
| Άλλοι συγγραφείς: | , |
|---|---|
| Μορφή: | Βιβλίο |
| Γλώσσα: | English |
| Δημοσίευση: |
Hillsdale, NJ. :
Lawrence Erlbaum Associates,
1986.
|
| Θέματα: | |
| Ετικέτες: |
Προσθήκη ετικέτας
Δεν υπάρχουν, Καταχωρήστε ετικέτα πρώτοι!
|
MARC
| LEADER | 00000cam a2200000 i 4500 | ||
|---|---|---|---|
| 001 | 1/17405 | ||
| 008 | 010221s1986 nju| ||| |||| ||eng|| | ||
| 020 | |a 0898598729 |q (χαρτόδετο) | ||
| 035 | |l 10066124 | ||
| 040 | |a GR-MyUa |b gre |e AACR2 | ||
| 041 | 0 | |a eng | |
| 082 | 7 | |a 004.019 |2 (22) | |
| 245 | 0 | 0 | |a User centered system design : |b new perspectives on human-computer interaction / |c edited by Donald A. Norman, Stephen W. Draper. |
| 260 | |a Hillsdale, NJ. : |b Lawrence Erlbaum Associates, |c 1986. | ||
| 300 | |a xiii, 526 σ. : |b εικ. ; |c 24 εκ. | ||
| 504 | |a Περιλαμβάνει βιβλιογραφίες (σ. [499]-512) και ευρετήριο. | ||
| 650 | 0 | |a Human-computer interaction. | |
| 650 | 0 | |a System design. | |
| 700 | 1 | |a Norman, Donald A. |e edt | |
| 700 | 1 | |a Draper, Stephen W. |e edt | |
| 852 | |a INST |b SAMOS |e 20010221 |h 004.019 USE |p 005300021720 |q 005300021720 |t BK |y 0 | ||
| 852 | |a INST |b SAMOS |e 20010221 |h 004.019 USE |p 005300021721 |q 005300021721 |t BK |y 0 | ||
| 852 | |a INST |b SAMOS |e 20010221 |h 004.019 USE |p 005300021722 |q 005300021722 |t BK |y 23 | ||
| 852 | |a INST |b SAMOS |e 20010221 |h 004.019 USE |p 005300021723 |q 005300021723 |t BK |y 0 | ||
| 852 | |a INST |b SAMOS |e 20010221 |h 004.019 USE |p 005300021724 |q 005300021724 |t BK |y 0 | ||
| 852 | |a INST |b SAMOS |e 20010221 |h 004.019 USE |p 005300021725 |q 005300021725 |t BK |y 0 | ||
| 852 | |a INST |b SYROS |e 20010921 |h 004.019 USE |p 005500001008 |q 005500001008 |t BK |y 0 | ||
| 852 | |a INST |b SYROS |e 20010921 |h 004.019 USE |p 005500001009 |q 005500001009 |t BK |y 0 | ||
| 901 | |a BIBL5-2001-3 | ||
| 901 | |a BIBL3-2001-1 | ||
| 922 | |a 5ΕΛΗ |b 200108 |c ΕΠΕΑΕΚ2/183 |d Παπασωτηρίου | ||
| 922 | |a 3ΕΛΗ |b 200008 |c ΤΠΕΣ/ΠΟΛ2 |d LEADER | ||
| 970 | |a Πουρνάρας |b Δημήτρης |z 21/02/2001 | ||